| 000 | 02274cam a2200337 i 4500 | ||
|---|---|---|---|
| 003 | SA-RiAUC | ||
| 005 | 20250911115006.0 | ||
| 008 | 250906s1995 le b g 000 0 ara c | ||
| 024 | 0 | _a00000000984973 | |
| 040 |
_aJO-IrYU _bara _cSA-RiAUC _dAE-DuMBRL _erda |
||
| 043 |
_aac----- _aed----- |
||
| 050 | 4 | _bH37 1995 | |
| 082 | 0 | 4 |
_a210.958 _qSA-RiAUC |
| 090 |
_a210.958 _bح ر ب |
||
| 100 | 1 |
_aحرب، محمد، _d1941- _eمؤلف. |
|
| 245 | 1 | 2 |
_aالإسلام في آسيا الوسطى والبلقان / _cتأليف الدكتور محمد حرب. |
| 250 | _aالطبعة الثانية. | ||
| 264 | 1 |
_aبيروت : _bدار البشائر الإسلامية، _c1995. |
|
| 300 |
_a229 صفحة : _bخرائط ؛ _c24 × 17 سم |
||
| 336 |
_aنص _btxt _2rdacontent _3كتاب |
||
| 337 |
_aبدون وسيط _bn _2rdamedia |
||
| 338 |
_aمجلد _bnc _2rdacarrier |
||
| 500 | _aغلاف مصور. | ||
| 520 | _aيتناول كتاب (الإسلام في آسيا الوسطى والبلقان) والذي قام بتأليفه د. محمد حرب، موضوع (الإسلام) في هذا الكتاب عيون عربية، ترصد -عبر نافذة إسلامية- واقع المسلمين في تركستان الشرقية، ودول آسيا الوسطى، وشعوب الإسلام في القوقاز والبلقان؛ بما في هذا الواقع من مرارة الاستقلال، وديمومة الكفاح لاستعادة أُسس الشخصية المسلمة. بالإضافة إلى ذلك تكشف هذه الدراسات الهوية الإسلامية في هذه البلاد حتى يعرفها العالم العربي، وذلك من خلال محورين: الأول: الوضع الراهن لهذه الشعوب من كل نواحيه تقريبا، والمحور الثاني: الآداب المعاصرة لهذه الشعوب. | ||
| 650 | 7 |
_aالإسلام _zآسيا الوسطى _2aucsh |
|
| 650 | 7 |
_aالإسلام _zالبلقان _2aucsh |
|
| 651 | 7 |
_aآسيا الوسطى _xتاريخ إسلامي _2aucsh |
|
| 942 |
_2ddc _cBOOK _n0 |
||
| 949 |
_aSA-JeALM _d250906 _umohamedma123 _n1 |
||
| 999 |
_c11616 _d11616 |
||